000 00321nam a2200109Ia 4500
008 200302s9999 xx 000 0 und d
100 _aB.R. Venkatesh & Merunandan K.B.
245 _aAn Introduction to The Constitution of India and Professional Ethics
260 _bMeragu Publications
260 _c2011
300 _a262 P.,
999 _c3298
_d3298